Программное обеспечение для оценки физического и психоэмоционального состояния обучающихся; Фундаментальные исследования; № 8-1
| Parent link: | Фундаментальные исследования.— , 2003- № 8-1.— 2011.— [С. 172-177] |
|---|---|
| Outros Autores: | , , , |
| Resumo: | Заглавие с экрана Описывается программа обработки результатов регистрации психофизического состояния студентов посредством аппаратно-программного комплекса с 31 каналом. Рассмотрены основные элементы программы и приемы работы с ней. Показаны проблемы проявления шумов при регистрации сигналов и методы их компенсации программным путем. Указаны приемы автоматизированной обработки зарегистрированных сигналов средствами этой программы. Режим доступа: по договору с организацией-держателем ресурса |
| Idioma: | russo |
| Publicado em: |
2011
|
| Colecção: | Технические науки |
| Assuntos: | |
| Acesso em linha: | http://www.rae.ru/fs/383-r26807 http://elibrary.ru/item.asp?id=16372721 |
| Formato: | Recurso Electrónico Capítulo de Livro |
| KOHA link: | https://koha.lib.tpu.ru/cgi-bin/koha/opac-detail.pl?biblionumber=642245 |
MARC
| LEADER | 00000nla0a2200000 4500 | ||
|---|---|---|---|
| 001 | 642245 | ||
| 005 | 20250127163401.0 | ||
| 035 | |a (RuTPU)RU\TPU\network\7184 | ||
| 090 | |a 642245 | ||
| 100 | |a 20150617d2011 k||y0rusy50 ca | ||
| 101 | 0 | |a rus | |
| 102 | |a RU | ||
| 135 | |a drnn ---uucaa | ||
| 181 | 0 | |a i | |
| 182 | 0 | |a b | |
| 200 | 1 | |a Программное обеспечение для оценки физического и психоэмоционального состояния обучающихся |f С. А. Рыбалка [и др.] | |
| 203 | |a Текст |c электронный | ||
| 225 | 1 | |a Технические науки | |
| 300 | |a Заглавие с экрана | ||
| 320 | |a [Библиогр.: с. 177 (2 назв.)] | ||
| 330 | |a Описывается программа обработки результатов регистрации психофизического состояния студентов посредством аппаратно-программного комплекса с 31 каналом. Рассмотрены основные элементы программы и приемы работы с ней. Показаны проблемы проявления шумов при регистрации сигналов и методы их компенсации программным путем. Указаны приемы автоматизированной обработки зарегистрированных сигналов средствами этой программы. | ||
| 333 | |a Режим доступа: по договору с организацией-держателем ресурса | ||
| 461 | |t Фундаментальные исследования |d 2003- | ||
| 463 | |t № 8-1 |v [С. 172-177] |d 2011 | ||
| 610 | 1 | |a электронный ресурс | |
| 610 | 1 | |a труды учёных ТПУ | |
| 610 | 1 | |a электрокардиограммы | |
| 610 | 1 | |a электроэнцефалограммы | |
| 610 | 1 | |a аппаратно-программные комплексы | |
| 610 | 1 | |a сигналы | |
| 610 | 1 | |a помехи | |
| 701 | 1 | |a Рыбалка |b С. А. |c специалист в области информатики и вычислительной техники |c доцент Томского политехнического университета, кандидат технических наук |f 1961- |g Сергей Анатольевич |3 (RuTPU)RU\TPU\pers\26755 |9 12398 | |
| 701 | 1 | |a Грехов |b И. С. |g Иван Сергеевич | |
| 701 | 1 | |a Малый |b М. В. | |
| 701 | 1 | |a Фролов |b М. Д. | |
| 801 | 2 | |a RU |b 63413507 |c 20150617 |g RCR | |
| 856 | 4 | |u http://www.rae.ru/fs/383-r26807 | |
| 856 | 4 | |u http://elibrary.ru/item.asp?id=16372721 | |
| 942 | |c CF | ||